| 000 | 00324nam a2200109Ia 4500 | ||
|---|---|---|---|
| 008 | 220204s9999 xx 000 0 und d | ||
| 082 |
_a632.9:635.262 _bVIJ |
||
| 100 | _aVijayalakshmi, K | ||
| 245 | 0 | _aPlants in pest control : Garlic and onion 1996 | |
| 260 |
_aChennai _bCentre for Indian Knowledge System _c1996 |
||
| 942 | _cBK | ||
| 999 |
_c41196 _d41196 |
||